export_success — 

Untersuchungen Zum Deutschen Vertriebenen- und Flüchtlingsproblem : Zweite Abteilung: Einzeldarstellungen. VII: Wagner, Helmut: Die Heimatvertriebenen und Sowjetzonenflüchtlinge in Rheinland-Pfalz.

Bibliographic Details
Main Author: Pfister, Bernhard.
Format: eBook
Language:German
Published: Berlin : Duncker & Humblot, 1956.
Edition:1st ed.
Series:Schriften des Vereins Für Socialpolitik Series
Subjects:
Online Access:Click to View
LEADER 04478nam a22003973i 4500
001 EBC7100867
003 MiAaPQ
005 20240729202203.0
006 m o d |
007 cr cnu||||||||
008 240729s1956 xx o ||||0 ger d
020 |a 9783428416141  |q (electronic bk.) 
020 |z 9783428016143 
035 |a (MiAaPQ)EBC7100867 
035 |a (Au-PeEL)EBL7100867 
035 |a (OCoLC)1347025510 
040 |a MiAaPQ  |b eng  |e rda  |e pn  |c MiAaPQ  |d MiAaPQ 
100 1 |a Pfister, Bernhard. 
245 1 0 |a Untersuchungen Zum Deutschen Vertriebenen- und Flüchtlingsproblem :  |b Zweite Abteilung: Einzeldarstellungen. VII: Wagner, Helmut: Die Heimatvertriebenen und Sowjetzonenflüchtlinge in Rheinland-Pfalz. 
250 |a 1st ed. 
264 1 |a Berlin :  |b Duncker & Humblot,  |c 1956. 
264 4 |c {copy}1956. 
300 |a 1 online resource (183 pages) 
336 |a text  |b txt  |2 rdacontent 
337 |a computer  |b c  |2 rdamedia 
338 |a online resource  |b cr  |2 rdacarrier 
490 1 |a Schriften des Vereins Für Socialpolitik Series 
505 0 |a Intro -- Vorwort -- Inhalt -- Vorbemerkung: Was bedeuten die Flüchtlinge für Rheinland-Pfalz? -- Erster Abschnitt: Rheinland-Pfalz und die Flüchtlingsaufnahme -- A. Das Staatsgebiet -- I. Ein neues Land -- II. Das Flüchtlingsaufnahmeverbot -- B. Der Raum -- I. Wohlstands- und Notstandsgebiete -- 1. Das Einzugsgebiet des Rheins -- 2. Das „steinreiche" Land -- 3. Platz für neue Industrien -- 4. Sorge um Zonen -- II. Die Erwerbsbereiche -- III. Die Steuerkraft -- C. Die Bevölkerung: Altbürger und Neubürger -- I. Wachstum -- 1. Der Bevölkerungsstand -- 2. Wanderungsverluste und Wanderungsgewinne -- 3. Der Flüchtlingsanteil -- 4. Die Bevölkerungsentwicklung im Vergleich -- II. Siedlung -- 1. Land der ländlichen Gemeinden -- 2. Die Bevölkerungsdichte -- 3. Wo sitzen die Flüchtlinge? -- 4. Wohnsitz und Wanderung -- III. Struktur -- 1. Die Altersgliederung -- 2. Männer und Frauen -- 3. Der Personenstand -- 4. Die Bevölkerungsgruppen -- 5. Die soziale Stellung -- D. Die rheinland-pfälzische Umsiedlungspolitik -- I. Die „illegale" Einwanderung -- II. Umsiedlungspläne - Umsiedlungsplanung? -- 1. Kampf um Kompetenzen -- 2. Eine „Sofortmaßnahme" -- 3. Die Bundesumsiedlung -- 4. Die „Umsetzung" der Umsiedler -- 5. Die Zuwanderer -- III. Freie Wanderung oder gelenkte Umsiedlung? -- Zweiter Abschnitt: Die Eingliederung der Flüchtlinge nach der sozialen Stellung -- Vorbemerkung -- A. Die wirtschaftspolitische Förderung der Flüchtlinge -- B. Die Arbeitnehmer -- I. Arbeitsmarkt -- 1. Das Arbeitsangebot der Flüchtlinge -- 2. Die Arbeitsnachfrage nach Flüchtlingen -- 3. Die Arbeitslosigkeit der Flüchtlinge -- 4. Die Marktstellung der Vertriebenen im Arbeitsleben -- 5. Die Pendelwanderer -- II. Die rheinland-pfälzische Beschäftigungspolitik -- 1. „Schaffung von Arbeitsplätzen" -- 2. Das Arbeitsplatzdarlehen -- III. Die rheinland-pfälzische Wohnungsbaupolitik. 
505 8 |a IV. Das Land als Arbeitgeber: Vertriebene im öffentlichen Dienst -- C. Die Selbständigen -- I. Landwirtschaft -- 1. Voraussetzungen zur Siedlung -- 2. Die rheinland-pfälzische Siedlungspolitik -- a) Vertriebene wurden seßhaft -- b) Die Neusiedlung -- c) Die Regionalverteilung -- d) Der finanzielle Aufwand -- 3. Lage der heimatvertriebenen Bauern -- II. Gewerbliche Wirtschaft -- 1. Standortbedingungen -- 2. Ersatzarbeitsstätten und Vertriebenen-Unternehmen -- 3. Die Flüchtlingsindustrie -- 4. Flüchtlingsbetriebe im Bauhauptgewerbe -- 5. Die Verteilung der Flüchtlingsbetriebe im Raum -- 6. Der „Flüchtlingshandwerker" -- 7. Der öffentliche Finanzierungsaufwand -- 8. Insolvenzgründe bei Vertriebenen-Unternehmen -- Ergebnisse der Untersuchung -- Tabellenteil. 
588 |a Description based on publisher supplied metadata and other sources. 
590 |a Electronic reproduction. Ann Arbor, Michigan : ProQuest Ebook Central, 2024. Available via World Wide Web. Access may be limited to ProQuest Ebook Central affiliated libraries.  
655 4 |a Electronic books. 
776 0 8 |i Print version:  |a Pfister, Bernhard  |t Untersuchungen Zum Deutschen Vertriebenen- und Flüchtlingsproblem  |d Berlin : Duncker & Humblot,c1956  |z 9783428016143 
797 2 |a ProQuest (Firm) 
830 0 |a Schriften des Vereins Für Socialpolitik Series 
856 4 0 |u https://ebookcentral.proquest.com/lib/matrademy/detail.action?docID=7100867  |z Click to View